000 00422nam a2200181Ia 4500
001 13684
005 20260306164819.0
008 260306t2011||||xx |||||||||||||| ||spa||
041 _aESP
082 _a005.133
_bL37
100 _aLee, kent D.
_eAUT
245 0 _aPython programming fundamentals
260 _c2011
300 _axii, 241 páginas :
_c
650 _aGEN
654 _aCCC
942 _cLIB
_dJUS
_fJUS
_2ddc
_n
999 _c13684
_d13684